| 000 | 00777nam a2200205 a 4500 | ||
|---|---|---|---|
| 001 | BRCA_819 | ||
| 005 | 20190320203149.0 | ||
| 008 | 950818s1980 mx-a---##b---#001-0#spa-# | ||
| 040 |
_aDLC _cDLC |
||
| 041 | _aspa | ||
| 044 | _amx | ||
| 050 | 4 |
_aNK7114 _b.M4 1980 |
|
| 245 | 1 | 0 |
_aMéxico y su plata _cfotografías de Ignacio Urquiza Luna Parra. |
| 260 |
_aMéxico _bGrupo Multibanco Comermex _c1980 |
||
| 300 |
_a97 p. _bil. a color _c23 cm. |
||
| 500 | _aApéndice I. Fichas inéditas sobre algunos maestros plateros residentes en México en los siglos XVII y XVIII. Apéndice II. Nómina de plateros residentes en la Ciudad de México, según el censo de 1753 | ||
| 504 | _aBibliografía : p. 89-91 | ||
| 650 | 1 | 4 |
_aTrabajo en plata _vCatálogos _zMéxico _92725 |
| 942 |
_2lcc _cB |
||
| 999 |
_c714 _d714 |
||